| 000 | 01032nam a2200277Ia 4500 | ||
|---|---|---|---|
| 003 | OSt | ||
| 005 | 20220923211118.0 | ||
| 006 | a|||||r|||| 00| 0 | ||
| 007 | ta | ||
| 008 | 220922b |||||||| |||| 00| 0 hin d | ||
| 020 |
_a8181434919 (pbk) _c400 |
||
| 024 | _a324,510 | ||
| 037 |
_b1293, 13/03/2018, Akshar Publishers & Distributors _cTextual |
||
| 040 |
_aARTS _cARTS _bhin |
||
| 041 |
_2hin _ahin |
||
| 082 | _aNQ2.NK, 152P6;P9 | ||
| 100 |
_aभारद्वाज, विनोद, संपा. _9158349 |
||
| 245 | 0 | _aबृहत आधुनिक कला कोश | |
| 246 | _aBṛuhat ādhunik kalā kosha | ||
| 250 | _aसंस्करण 2 | ||
| 260 |
_aनई दिल्ली _b वाणी प्रकाशन _c2009 |
||
| 300 |
_a508पृ. _ccm. |
||
| 650 |
_aललित कला _9156314 |
||
| 942 |
_hNQ2.NK, 152P6;P9 _cTEXL _2CC |
||
| 999 |
_c295433 _d295433 |
||